书目信息 |
| 题名: |
王安国教复调
|
|
| 作者: | 王安国, 编著 | |
| 分册: | ||
| 出版信息: | 长沙 湖南文艺出版社 2021.2 |
|
| 页数: | 239页 | |
| 开本: | 30cm | |
| 丛书名: | 音乐名师大课堂 | |
| 单 册: | ||
| 中图分类: | J614.2 | |
| 科图分类: | ||
| 主题词: | 复调--高等师范教育--教材 | |
| 电子资源: | ||
| ISBN: | 978-7-5404-2896-9 | |
| 000 | 00909nam 2200277 45 | |
| 001 | 012001001197 | |
| 005 | 20130910170552.0 | |
| 010 | @a978-7-5404-2896-9@dCNY38.00 | |
| 099 | @aCAL 012003133378 | |
| 100 | @a20030902d2002 em y0chiy0110 ea | |
| 101 | 0 | @achi |
| 102 | @aCN@b430000 | |
| 105 | @aag z 000yy | |
| 106 | @ar | |
| 200 | 1 | @a王安国教复调@Awang an guo jiao fu diao@f王安国编著 |
| 210 | @a长沙@c湖南文艺出版社@d2021.2 | |
| 215 | @a239页@c图, 乐谱@d30cm | |
| 225 | 2 | @a音乐名师大课堂@Ayin yue ming shi da ke tang |
| 305 | @a本书为《复调写作及复调音乐分析》增订版。 | |
| 330 | @a本书力图体现技能(写作)与知识(理论)并重的编写原则, 兼顾习作训练与音乐分析两方面内容。 | |
| 461 | 0 | @12001 @a音乐名师大课堂 |
| 606 | 0 | @a复调@x高等师范教育@j教材 |
| 690 | @aJ614.2@v5 | |
| 701 | 0 | @a王安国,@AWang Anguo@f1942-@4编著 |
| 801 | @aCN@b江苏凤凰@c20211018 | |
| 905 | @b1342566-9@dJ614.2@e1304@f4 | |
| 王安国教复调/王安国编著.-长沙:湖南文艺出版社,2021.2 |
| 239页:图, 乐谱;30cm.-(音乐名师大课堂) |
| ISBN 978-7-5404-2896-9:CNY38.00 |
| 本书力图体现技能(写作)与知识(理论)并重的编写原则, 兼顾习作训练与音乐分析两方面内容。 |
| ● |
| 相关链接 |
|
|
|
|
正题名:王安国教复调
索取号:J614.2/1304
 
预约/预借
| 序号 | 登录号 | 条形码 | 馆藏地/架位号 | 状态 | 备注 |
| 1 | 1342566 | 213425667 | 第一样本阅览室/ [索取号:J614.2/1304] | 在馆 | |
| 2 | 1342567 | 213425676 | 第一借阅区/ [索取号:J614.2/1304] | 在馆 | |
| 3 | 1342568 | 213425685 | 第一借阅区/ [索取号:J614.2/1304] | 在馆 | |
| 4 | 1342569 | 213425694 | 第一借阅区/ [索取号:J614.2/1304] | 在馆 |